FAO food and nutrition paper. (Record no. 5628)
[ view plain ]
| 000 -LEADER | |
|---|---|
| fixed length control field | 01474cas a22004212 4500 |
| 001 - CONTROL NUMBER | |
| control field | 012560481 |
| 003 - CONTROL NUMBER IDENTIFIER | |
| control field | ALUPE UNIVERSITY |
| 005 - DATE AND TIME OF LATEST TRANSACTION | |
| control field | 20220425130511.0 |
| 008 - FIXED-LENGTH DATA ELEMENTS--GENERAL INFORMATION | |
| fixed length control field | 781127c197u9999it x0m i0 a0eng d |
| 010 ## - LIBRARY OF CONGRESS CONTROL NUMBER | |
| LC control number | sf 82006642 |
| 020 ## - INTERNATIONAL STANDARD BOOK NUMBER | |
| International Standard Book Number | 9789251034156 |
| 022 0# - INTERNATIONAL STANDARD SERIAL NUMBER | |
| International Standard Serial Number | 0254-4725 |
| 035 ## - SYSTEM CONTROL NUMBER | |
| System control number | OCLC ocm04399951 from D970314M |
| 035 ## - SYSTEM CONTROL NUMBER | |
| System control number | 706475 |
| 040 ## - CATALOGING SOURCE | |
| Original cataloging agency | AGL |
| Transcribing agency | AGL |
| Modifying agency | NLM |
| -- | DLC |
| -- | NST |
| -- | NSD |
| -- | RCS |
| -- | NSD |
| -- | NST |
| -- | AIP |
| -- | DLC |
| -- | NST |
| -- | HUL |
| -- | AGL |
| -- | EQO |
| 042 ## - AUTHENTICATION CODE | |
| Authentication code | lc |
| -- | nsdp |
| 050 00 - LIBRARY OF CONGRESS CALL NUMBER | |
| Classification number | TX541 |
| Item number | .F36 1993 |
| 060 0# - NATIONAL LIBRARY OF MEDICINE CALL NUMBER | |
| Classification number | W1 FA456 |
| 210 0# - ABBREVIATED TITLE | |
| Abbreviated title | FAO food nutr. pap. |
| 212 0# - VARIANT ACCESS TITLE [OBSOLETE] | |
| Variant access title | Food and Agriculture Organization of the United Nations food nutrition paper |
| 222 #0 - KEY TITLE | |
| Key title | FAO food and nutrition paper |
| 245 00 - TITLE STATEMENT | |
| Title | FAO food and nutrition paper. |
| 246 10 - VARYING FORM OF TITLE | |
| Title proper/short title | F.A.O. food and nutrition paper |
| 260 ## - PUBLICATION, DISTRIBUTION, ETC. | |
| Place of publication, distribution, etc. | Rome : |
| Name of publisher, distributor, etc. | Food and Agriculture Organization of the United Nations |
| Date of publication, distribution, etc. | c1993. |
| 300 ## - PHYSICAL DESCRIPTION | |
| Extent | v. : |
| Other physical details | ill. ; 21-29 cm. |
| 310 ## - CURRENT PUBLICATION FREQUENCY | |
| Current publication frequency | Irregular |
| 500 ## - GENERAL NOTE | |
| General note | Description based on: 3, 1977, reprinted with corrections, 1978. |
| 650 #2 - SUBJECT ADDED ENTRY--TOPICAL TERM | |
| Topical term or geographic name entry element | Food |
| General subdivision | periodicals. |
| 650 #2 - SUBJECT ADDED ENTRY--TOPICAL TERM | |
| Topical term or geographic name entry element | Nutrition |
| General subdivision | periodicals. |
| 650 #0 - SUBJECT ADDED ENTRY--TOPICAL TERM | |
| Topical term or geographic name entry element | Nutrition. |
| 650 #0 - SUBJECT ADDED ENTRY--TOPICAL TERM | |
| Topical term or geographic name entry element | Food. |
| 710 2# - ADDED ENTRY--CORPORATE NAME | |
| Corporate name or jurisdiction name as entry element | Food and Agriculture Organization of the United Nations. |
| 780 11 - PRECEDING ENTRY | |
| Title | FAO nutrition meetings report series |
| Record control number | (OCoLC)19260307 |
| 780 11 - PRECEDING ENTRY | |
| Title | FAO food and nutrition series |
| 942 ## - ADDED ENTRY ELEMENTS (KOHA) | |
| Source of classification or shelving scheme | |
| Koha item type | Book |
| Suppress in OPAC | CM |
| Withdrawn status | Lost status | Source of classification or shelving scheme | Damaged status | Not for loan | Permanent Location | Current Location | Shelving location | Date acquired | Source of acquisition | Total Checkouts | Full call number | Barcode | Date last seen | Price effective from | Koha item type | Public note |
|---|---|---|---|---|---|---|---|---|---|---|---|---|---|---|---|---|
| AU LIBRARY | AU LIBRARY | Open Shelf | 25.04.2022 | DONATION FROM MOI UNIVERSITY | TX541 .F36 1993 | 28003397 | 25.04.2022 | 25.04.2022 | Book | CM |